000 00450nam a2200181Ia 4500
001 20783
005 20260306172831.0
008 260306t2014||||xx |||||||||||||| ||spa||
041 _aESP
082 _a343.8
_bA47 2014
100 _aAlva Matteucci, Mario
_eAUT
245 0 _aAplicación práctica al impuesto a la renta - ejercicio 2013-2014
260 _c2014
300 _a
_c
650 _aGEN
654 _aCDE
942 _cLIB
_dJUS
_fJUS
_2ddc
_n
999 _c20783
_d20783